Εφήμερον σπέρμα (1973-1978) : Επιφυλλίδες,βιβλιοκρισίες,ομιλίες κυρίως με φιλολογικές και εικαστικές αφορμές καθώς και άγνωστα κείμενα του Παλαμά,του Καβάφη,του Σεφέρη κ.α.
Αποθηκεύτηκε σε:
| Κύριος συγγραφέας: | |
|---|---|
| Μορφή: | Βιβλίο |
| Γλώσσα: | Greek |
| Δημοσίευση: |
Αθήνα :
Ερμής,
1978
|
| Θέματα: | |
| Ετικέτες: |
Προσθήκη ετικέτας
Δεν υπάρχουν, Καταχωρήστε ετικέτα πρώτοι!
|
MARC
| LEADER | 00000nam a2200000 i 4500 | ||
|---|---|---|---|
| 001 | 1/67347 | ||
| 008 | 990121s1978 gre d | ||
| 035 | |l 10047462 | ||
| 040 | |a GR-MY-UA |b gre |e aacr | ||
| 041 | 0 | |a gre | |
| 082 | 0 | |a 889.12 | |
| 100 | 1 | |a Σαββίδης, Γιώργος Π., |d 1929-1995. | |
| 245 | 1 | 0 | |a Εφήμερον σπέρμα (1973-1978) : |b Επιφυλλίδες,βιβλιοκρισίες,ομιλίες κυρίως με φιλολογικές και εικαστικές αφορμές καθώς και άγνωστα κείμενα του Παλαμά,του Καβάφη,του Σεφέρη κ.α. / |c Γ.Π.Σαββίδης |
| 260 | |a Αθήνα : |b Ερμής, |c 1978 | ||
| 300 | |a 316 σ. | ||
| 650 | 0 | 0 | |a Poets, Greek (Modern) |x History and criticism. |
| 650 | 0 | 0 | |a Greek poetry, Modern |y 20th century |x History and criticism. |
| 852 | |a INST |b RHODES |e 19990121 |h 889.12 ΣΑΒ |p 005400005707 |q 005400005707 |t BK |y 0 | ||
| 901 | |a BIBL-1999-1 | ||
| 909 | |a Ρ |b 051859 |c 1997 | ||
| 922 | |a 4ΕΛΗ |b 199711 |c ΑΝΑΓΝΩΣΤΟΠΟΥΛΟΥ |d EMVASIS | ||
| 970 | |z 2000/07/ΚΑΤΕΡΙΝΑ | ||